[Event "Krakow op-D"]
[Site "Krakow"]
[Date "2003.12.29"]
[Round "4"]
[White "Zelenka, Katarzyna"]
[Black "Lasek, Michal"]
[Result "1-0"]
[WhiteElo "1601"]
[BlackElo "1600"]
[PlyCount "41"]
[EventDate "2003.12.27"]
[EventType "swiss"]
[EventRounds "9"]
[EventCountry "POL"]
[SourceTitle "EXT 2006"]
[Source "ChessBase"]
[SourceDate "2005.11.24"]
[SourceVersion "1"]
[SourceVersionDate "2005.11.24"]
[SourceQuality "1"]

1. e4 e5 2. Nf3 Nc6 3. d4 exd4 4. Bc4 Bc5 5. Ng5 Ne5 6. Nxf7 Nxf7 7. Bxf7+ Kxf7 8. Qh5+ g6 9. Qxc5 Nf6 10. Bg5 Nxe4 11. Qd5+ Kg7 12. Bxd8 Rxd8 13. Qxd4+ Kf8 14. Nd2 Nxd2 15. Kxd2 Re8 16. Rhe1 Rxe1 17. Rxe1 Kf7 18. Qf4+ Kg7 19. Re7+ Kg8 20. Qf7+ Kh8 21. Re8# 1-0